| 000 | 01547nas a2200337 4500 | ||
|---|---|---|---|
| 001 | BR8401255 | ||
| 003 | BR-BrBNA | ||
| 005 | 20231205085826.0 | ||
| 007 | ta | ||
| 008 | 230509b bl.|||p| |||| 00| 00por d | ||
| 040 |
_aBR-BrBNA _bpor _cBiblioteca Nacional de Agricultura |
||
| 041 | _a(Pt) | ||
| 072 | _aH10 | ||
| 100 | 1 | _aLink, D. | |
| 100 | 1 | _aCosta, E.C. | |
| 111 | 1 |
_a8. Congresso Brasileiro de Entomologia _cBrasilia, DF (Brazil) _dJan 1983 |
|
| 245 | 1 | _aAspectos da biologia de Ascia monuste orseis (Latreille, 1819)sobre algumas cruciferas [lepidoptero, brocolo, Brassica oleracea botrytis cymosa, couve-flor, Brassica oleracea botrytis, repolho, Brassica oleracea capitata, couve, Brassica oleracea, rabanete, Raphanus sativus, mostarda, Brassica hirta, nabo, Brassica rapa] | |
| 246 | 1 | _aBiological effects of Ascia monuste orseis (Latreille, 1819)on some cruciferous plants [lepidopteron, broccoli, Brassica oleracea botrytis cymosa, cauliflower, Brassica oleracea botrytis, white cabbage, Brassica oleracea capitata, cabbage, Brassica oleracea, radish, Raphanus satirus, mustard, Brassica hirta, turnip, Brassica rapa] | |
| 650 | _aLEPIDOPTERO | ||
| 650 | _aBROCOLO | ||
| 650 | _aCOUVE-FLOR | ||
| 650 | _aREPOLHO | ||
| 650 | _aCOUVE | ||
| 650 | _aRABANETE | ||
| 650 | _aMOSTARDA | ||
| 650 | _aNABO | ||
| 650 | _aBIOLOGIA | ||
| 773 | 0 |
_tRevista do Centro de Ciencias Rurais (Brazil) _xISSN 0085-5961 _g(Jan 1983), v. 13(1) p. 65-73 _wBR8401255 |
|
| 909 |
_a202311 _bLúcia _c55 _dLúcia Elande |
||
| 942 |
_2AGRIS _n0 _cANA |
||
| 999 |
_c114092 _d114092 |
||